000
nam a22 7a 4500
999
_c
50622
_d
50622
003
OSt
005
20210323152851.0
008
210323b xxu||||| |||| 00| 0 eng d
040
_c
IIMT UNIVERSITY MEERUT
100
_a
NETTER, ND FRANK
245
_a
ATLAS OF HUMAN ANATOMY
260
_b
ELSEYIER
_c
2014
300
_a
535
942
_2
ddc
_c
01